Six Letter Geography - B #3 - Statistics

General Stats
  • This quiz has been taken 54 times
    30 since last reset
  • The average score is 8 of 10
Answer Stats
Hint Answer % Correct
44th President of the United States {Barack} Obama
100%
Deepest and oldest freshwater lake Baikal
96%
Remote coral atoll in the Marshall islands {Bikini} Atoll
93%
Peninsula of Serbia, Greece, Croatia, etc... Balkan
89%
Former leader of Italy during the world war {Benito} Mussolini
89%
Second largest city in Norway Bergen
81%
National animal of Canada Beaver
78%
Ethnicity of Morocco and Algeria (Amazigh) Berber
74%
Capital city of Central African Republic Bangui
56%
Superimposed, Antecedent, Geometric, etc... Border
0%
No matching quizzes found
Score Distribution
Percent of People with Each Score
Percentile by Number Answered
Your Score History
You have not taken this quiz since the last reset